Notas sobre la historia de la Garza Morena, Ardea cocoi (<Aves>) en Colombia (Registro nro. 12382)
[ vista simple ]
| 000 -CABECERA | |
|---|---|
| Campo de control | 008000000a22002290004500 |
| 090 ## - CLASIFICACIÓN LOCAL | |
| Colección | AR |
| Consecutivo | 03331 |
| 041 0# - IDIOMA | |
| Código de idioma para texto/pista de sonido o título separado | |
| 100 1# - ASIENTO PRINCIPAL--NOMBRE PERSONAL | |
| Nombre personal | Borrero H., José Ignacio |
| 245 10 - MENCION DE TITULO | |
| Título | Notas sobre la historia de la Garza Morena, Ardea cocoi (<Aves>) en Colombia |
| 500 ## - NOTA GENERAL | |
| Nota general | <Colección Aves> |
| 650 14 - ASIENTO SECUNDARIO DE MATERIA - TERMINO TEMATICO | |
| Término temático o nombre geográfico como elemento de entrada | Ornitología |
| 650 14 - ASIENTO SECUNDARIO DE MATERIA - TERMINO TEMATICO | |
| Término temático o nombre geográfico como elemento de entrada | Aves |
| 650 14 - ASIENTO SECUNDARIO DE MATERIA - TERMINO TEMATICO | |
| Término temático o nombre geográfico como elemento de entrada | Historia natural |
| 650 14 - ASIENTO SECUNDARIO DE MATERIA - TERMINO TEMATICO | |
| Término temático o nombre geográfico como elemento de entrada | Distribución geográfica |
| 650 14 - ASIENTO SECUNDARIO DE MATERIA - TERMINO TEMATICO | |
| Término temático o nombre geográfico como elemento de entrada | Ecología |
| 650 14 - ASIENTO SECUNDARIO DE MATERIA - TERMINO TEMATICO | |
| Término temático o nombre geográfico como elemento de entrada | Hábitos alimentarios |
| 651 #4 - ASIENTO SECUNDARIO DE MATERIA - NOMBRE GEOGRAFICO | |
| -- | Laguna de Sonso o Ciénaga de Chircal |
| -- | Buga |
| -- | Valle del Cauca |
| -- | Colombia |
| 653 ## - TERMINO DE INDIZACION - NO CONTROLADO | |
| -- | Ardea |
| -- | Ardea cocoi |
| -- | garza real suramericana |
| 700 1# - ASIENTO SECUNDARIO - NOMBRE PERSONAL | |
| Nombre personal | Cruz M., Carlos A. |
| 773 1# - Item fuente: | |
| Título | Acta Biológica Colombiana |
| Especificación de materiales | 509 |
| Descripción física | 1 |
| Paginas del Articulo | 51-75 |
| Lugar, editorial y fecha de publicación | 1983 |
| Información sobre la relación | 1 |
| 942 ## - ELEMENTOS ADICIONALES (KOHA) | |
| Tipo de ítem | Artículo |
| Withdrawn status | Lost status | Damaged status | No para préstamo | Colección | Ubicación Permanente | Ubicación actual | Fecha de adquisición | Datos de publicación Seriada | Total Checkouts | Número topográfico | Inventario / Código de Barras | Date last seen | Ejemplar | Price effective from | Forma de adquisición | Tipo de material |
|---|---|---|---|---|---|---|---|---|---|---|---|---|---|---|---|---|
| No para Préstamo | Hemeroteca | Bogotá | Bogotá | 27/02/2015 | Fuera de circulación | AR 03331 | 013636 | 25/03/2015 | 1 | 25/03/2015 | Artículo |